01388cam2a220028901 4500001001200000008004100012010002300053035001900076035002800095035002200123050003200145082002900177100003000206245011700236260006600353440006000419500009300479504003000572650013600602650016600738650006700904700002700971700003000998949004501028004000601073999001901079lce00875157730615s1973 nyu b 001 0 eng  a 73075730 //r842 a(Sirsi) r15171 a(DLC) 73075730 //r842 a(UPRA)lce008751570 aTN1.A1bI55 no. 2aQD181.C9 a669.3/08 sa546/.652/5691 aKing, Edward G.6A71568.110aThermodynamic properties of copper and its inorganic compounds,cby E. G. King, Alla D. Mah, and L. B. Pankratz. a[New York,bInternational Copper Research Association,c1973] 0aINCRA series on the metallurgy of copper ;v26S11368.1 aSponsored by the International Copper Research Association and the U.S. Bureau of Mines. aBibliography: p. 217-253. 0aCopper -- Thermal properties -- Tables.xCopper -- Thermal properties -- Tables.xCopper -- Thermal properties -- Tables.6S53770.1 0aCopper compounds -- Thermal properties -- Tables.xCopper compounds -- Thermal properties -- Tables.xCopper compounds -- Thermal properties -- Tables.6S53771.1 0aThermodynamics -- Tables.xThermodynamics -- Tables.6S14639.11 aMah, Alla D.6A71569.11 aPankratz, L. B.6A71570.1 aTN1.A1wlcci-9578mMAINtBOOKlON-SHELF15171 c152477d152477